| LEADER |
00942nam0a2200217 450 |
| 001 |
16826777 |
| 010 |
|
|
|a 978-2-87767-924-4
|b rel.
|d 13
|
| 100 |
|
|
|a 20170217d2017 u u0frey01 ba
|
| 101 |
0 |
|
|a fre
|
| 102 |
|
|
|a FR
|
| 200 |
0 |
|
|a Nina en colère
|f Christine Naumann-Villemin
|g illustrations de Marianne Barcilon
|
| 207 |
|
1 |
|a
|
| 210 |
|
|
|a Paris
|b 77, bd Saint-Michel
|c Kaléidoscope
|d 2017
|
| 215 |
|
|
|a 1 vol. (32 p.)
|d 21 cm
|
| 225 |
1 |
|
|a Nina
|v 5
|
| 330 |
|
|
|a Il y a des jours comme ça : rien ne va comme on veut. On essaie de garder son calme, mais c'est difficile. Pauvre Nina ! Elle va devoir laisser sa colère s'exprimer avant de trouver LA bonne idée pour l'anniversaire de maman.
|
| 700 |
|
0 |
|a Naumann-Villemin
|b Christine
|f 1964-....
|4 70
|
| 702 |
|
0 |
|a Barcilon
|b Marianne
|f 1969-....
|4 440
|
| 900 |
|
|
|a Album
|
| 901 |
|
|
|a Accessible au prêt
|
| 995 |
|
|
|a Bibliothèque
|c Bibliothèque
|f 024017803
|h 024017803
|k A NAU
|o p
|q j
|r az
|e Bibliothèque
|